| 000 | 00938nam a2200205 a 4500 | ||
|---|---|---|---|
| 001 | 50173 | ||
| 005 | 20180714035139.0 | ||
| 008 | 140415d 000 0 eng d | ||
| 020 | _a1578202663 | ||
| 041 | _aeng | ||
| 082 |
_a006.5 _bROF |
||
| 100 | 1 | _aROFRANO, JOHN | |
| 245 | 1 | 0 | _aINSTANT ACID |
| 250 | _a1a ed. | ||
| 260 |
_a[s.l.] : _bCMP MEDIA LLC, _c[s.f.] |
||
| 300 |
_a224 _c23.5 x 1.6 x 18.6 |
||
| 520 | _aACID IS A HIGHLY GRAPHICAL PROGRAM THAT CAN BE USED ON MANY LEVELS. BEGINNERS AND NON- MUSICIANS CAN USE IT FOR BASIC LOOP- BASED COMPOSITION, DRAWING ON THE ENORMOUS TALENT OF THE LOOP CREATORS, AND ASSEMBLE A SONG SIMPLY BY PAINTING LOOPS ON THE TIMELINE. MUSICIANS CAN AUGMENT EXISTING LOOPS BY RECORDING THEIR OWN LOOPS, OR BY USING ACID, AS YOU WOULD ANY RECORDING SOFTWARE TO CREATE ENTIRE TRACKS THAT DON´T LOOP. | ||
| 650 | 1 | 4 |
_aMULTIMEDIA _xPROGRAMACION _xSONIDO |
| 700 | 1 |
_aLACOBUS _ecoaut. |
|
| 999 |
_c50173 _d50173 |
||